[Event "Mondiale Lampo FIDE 2022"]
[Site "Alma Ata"]
[Date "29.12.2022"]
[Round "3.37"]
[White "Nguyen, Thai Dai Van"]
[Black "Vallejo Pons, Francisco"]
[Result "1/2-1/2"]
[WhiteTitle ""]
[BlackTitle ""]
[WhiteElo "2656"]
[BlackElo "2716"]
[WhiteFideId "358878"]
[BlackFideId "2205530"]
[EventDate "29.12.2022"]

1. Nf3 e6 2. c4 d5 3. d4 dxc4 4. e3 Nf6 5. Bxc4 c5 6. O-O a6 7. dxc5 Bxc5 8.
Qxd8+ Kxd8 9. Nc3 Nbd7 10. Be2 Ke7 11. Nd2 b6 12. Nde4 Nxe4 13. Nxe4 a5 14. Nxc5
Nxc5 15. b3 Ba6 16. Bxa6 Rxa6 17. Ba3 Ra7 18. Bxc5+ bxc5 1/2-1/2

[Event "Mondiale Lampo FIDE 2022"]
[Site "Alma Ata"]
[Date "29.12.2022"]
[Round "3.38"]
[White "Petrov, Nikita"]
[Black "Sindarov, Javokhir"]
[Result "1-0"]
[WhiteTitle ""]
[BlackTitle ""]
[WhiteElo "2537"]
[BlackElo "2654"]
[WhiteFideId "4101286"]
[BlackFideId "14205483"]
[EventDate "29.12.2022"]

1. d4 Nf6 2. Bg5 c5 3. Bxf6 gxf6 4. d5 Qb6 5. Nd2 f5 6. Rb1 Bg7 7. e3 d6 8. Ne2
Nd7 9. Nf4 Nf6 10. Bd3 Bd7 11. O-O h5 12. Qf3 O-O-O 13. Nc4 Qc7 14. b4 Kb8 15.
bxc5 Qxc5 16. Rb3 Ba4 17. Ra3 Bd7 18. Rb1 Rc8 19. Rab3 Rc7 20. a4 Ne4 21. Rb5
Bxb5 22. Rxb5 Qxc4 23. Bxc4 Rxc4 24. Nd3 Rxc2 25. Qxf5 Nxf2 26. Nb4 Rb2 27. Nc6+
Ka8 28. Rxb2 Bxb2 29. Qxf2 Bf6 30. Nd4 Rc8 31. g3 Rc4 32. Qf5 a5 33. Qd7 h4 34.
Qd8+ Ka7 35. Nb5+ Ka6 36. Qa8+ 1-0

[Event "Mondiale Lampo FIDE 2022"]
[Site "Alma Ata"]
[Date "29.12.2022"]
[Round "3.39"]
[White "Le, Tuan Minh"]
[Black "Bluebaum, Matthias"]
[Result "0-1"]
[WhiteTitle ""]
[BlackTitle ""]
[WhiteElo "2542"]
[BlackElo "2657"]
[WhiteFideId "12401153"]
[BlackFideId "24651516"]
[EventDate "29.12.2022"]

1. d4 d5 2. Nf3 e6 3. Bf4 c5 4. c3 Nc6 5. e3 Bd6 6. Bg3 Nge7 7. Nbd2 O-O 8. Bd3
cxd4 9. exd4 f6 10. Qb1 h6 11. O-O e5 12. dxe5 fxe5 13. c4 e4 14. cxd5 exd3 15.
dxc6 Bxg3 16. hxg3 Nxc6 17. Qc1 Be6 18. Re1 Qd5 19. b3 Bg4 20. Qc3 Bxf3 21. Nxf3
Rxf3 22. gxf3 Nd4 23. Re3 Nxf3+ 24. Kf1 Nd4 25. Qc4 Qxc4 26. bxc4 Nc2 27. Rb1
Nxe3+ 28. fxe3 Rc8 29. Rxb7 Rxc4 30. Ke1 Rc2 31. Rxa7 Re2+ 32. Kd1 Rxe3 33. g4
Re4 34. Kd2 Rxg4 35. Kxd3 h5 36. Ke3 Kh7 37. a4 Kh6 38. a5 Ra4 39. Kf3 Ra3+ 40.
Kg2 h4 41. a6 g5 42. Ra8 Kh5 43. a7 Kg4 44. Kf2 h3 45. Kg1 Ra1+ 46. Kf2 h2 47.
Rh8 Rxa7 48. Kg2 h1=Q+ 0-1

[Event "Mondiale Lampo FIDE 2022"]
[Site "Alma Ata"]
[Date "29.12.2022"]
[Round "3.40"]
[White "Salem, A.R. Saleh"]
[Black "Harsha, Bharathakoti"]
[Result "1-0"]
[WhiteTitle ""]
[BlackTitle ""]
[WhiteElo "2677"]
[BlackElo "2593"]
[WhiteFideId "9301348"]
[BlackFideId "5078776"]
[EventDate "29.12.2022"]

1. d4 d5 2. c4 e6 3. Nc3 Nf6 4. cxd5 exd5 5. Bg5 Bb4 6. e3 h6 7. Bh4 g5 8. Bg3
Ne4 9. a3 Bxc3+ 10. bxc3 h5 11. f3 Nxg3 12. hxg3 Qe7 13. Kf2 Be6 14. g4 h4 15.
Nh3 Nd7 16. Bd3 O-O-O 17. a4 Rhf8 18. Qc2 Kb8 19. a5 Rc8 20. Rhb1 c5 21. Qd2 Rc7
22. Rb2 f5 23. gxf5 Bxf5 24. Bxf5 Rxf5 25. Kg1 Rf7 26. Rab1 Rg7 27. Nf2 Nf6 28.
Nd3 g4 29. Nxc5 gxf3 30. Nxb7 Rxb7 31. Rxb7+ Qxb7 32. Rxb7+ Kxb7 33. Qb2+ Kc6
34. Qb8 Rxg2+ 35. Kf1 h3 36. Qc8+ Kb5 37. Qc5+ Ka6 38. Qc6+ Kxa5 39. Qc5+ Ka6
40. Qc6+ Ka5 41. c4 Kb4 42. Qc5+ Kb3 43. Qb5+ Kc2 44. Qa4+ Kd3 45. Qb3+ Ke4 46.
Qb1+ Kxe3 47. Qb3+ Kf4 48. Qb8+ Ke4 49. Qe5+ Kd3 50. Qxf6 h2 51. Qxf3+ 1-0

[Event "Mondiale Lampo FIDE 2022"]
[Site "Alma Ata"]
[Date "29.12.2022"]
[Round "3.41"]
[White "Petrosian, Tigran L."]
[Black "Burmakin, Vladimir"]
[Result "1-0"]
[WhiteTitle ""]
[BlackTitle ""]
[WhiteElo "2551"]
[BlackElo "2498"]
[WhiteFideId "13301616"]
[BlackFideId "4105109"]
[EventDate "29.12.2022"]

1. Nf3 d5 2. g3 c6 3. Bg2 Bf5 4. d3 e6 5. O-O Nf6 6. Nbd2 h6 7. b3 Nbd7 8. Bb2
Be7 9. a3 O-O 10. c4 a5 11. Qc2 Qb6 12. Bd4 c5 13. Bb2 d4 14. Rfe1 Rfd8 15. e3
dxe3 16. Rxe3 Nb8 17. Ne5 Nfd7 18. Ndf3 Nf8 19. Nd2 Bf6 20. Ndf3 Bxe5 21. Nxe5
f6 22. Nf3 Nc6 23. Nh4 Bh7 24. f4 Nd4 25. Bxd4 Rxd4 26. Nf3 Rd6 27. Qc3 Rad8 28.
Rd1 Qc7 29. h3 b6 30. Kh2 Qd7 31. Bf1 Qc7 32. Rd2 Qf7 33. b4 axb4 34. axb4 Qd7
35. bxc5 bxc5 36. Qa5 Qc8 37. Qa3 Bg6 38. Rb2 Be8 39. Bg2 Qa6 40. Qxc5 Rxd3 41.
Rxd3 Rxd3 42. Rb8 Qc6 43. Qe7 Rxf3 44. Rxe8 Rf2 45. Qxf8+ Kh7 46. Qg8+ Kg6 47.
f5+ Kxf5 48. Qh7+ Kg5 49. Qxg7+ Kf5 50. Qg4+ Ke5 51. Rxe6+ Qxe6 52. Qd1 Qf5 53.
Qd5# 1-0

[Event "Mondiale Lampo FIDE 2022"]
[Site "Alma Ata"]
[Date "29.12.2022"]
[Round "3.42"]
[White "Dardha, Daniel"]
[Black "Esipenko, Andrey"]
[Result "0-1"]
[WhiteTitle ""]
[BlackTitle ""]
[WhiteElo "2606"]
[BlackElo "2678"]
[WhiteFideId "240990"]
[BlackFideId "24175439"]
[EventDate "29.12.2022"]

1. d4 Nf6 2. Bg5 d5 3. e3 c5 4. Bxf6 gxf6 5. dxc5 e6 6. Nf3 Bxc5 7. Be2 Nc6 8.
O-O O-O 9. c4 dxc4 10. Qa4 f5 11. Nc3 Qe7 12. Qxc4 Bd7 13. a3 Rac8 14. Rac1 Bd6
15. Rfd1 Rfd8 16. Qb3 Be8 17. g3 a6 18. Bf1 b5 19. Qa2 Ne5 20. Bg2 Nc4 21. Nd4
Bc5 22. a4 bxa4 23. Nxf5 exf5 24. Qxc4 Qe6 25. Nd5 Bf8 26. Qd4 Rxc1 27. Rxc1 Bg7
28. Qc5 Bxb2 29. Rd1 Kg7 30. Rd2 0-1

[Event "Mondiale Lampo FIDE 2022"]
[Site "Alma Ata"]
[Date "29.12.2022"]
[Round "3.43"]
[White "Gelfand, Boris"]
[Black "Makhnev, Denis"]
[Result "0-1"]
[WhiteTitle ""]
[BlackTitle ""]
[WhiteElo "2667"]
[BlackElo "2481"]
[WhiteFideId "2805677"]
[BlackFideId "13707647"]
[EventDate "29.12.2022"]

1. d4 Nf6 2. c4 e6 3. Nf3 b6 4. g3 Ba6 5. b3 Bb4+ 6. Bd2 Be7 7. Nc3 d5 8. cxd5
exd5 9. Bg2 O-O 10. Rc1 c5 11. O-O Bb7 12. Bf4 Nc6 13. dxc5 bxc5 14. Na4 Qa5 15.
Bd2 Qb5 16. Bg5 Ne4 17. Bxe7 Nxe7 18. Nd2 Nxd2 19. Qxd2 Rac8 20. Rc2 Rfd8 21.
Rfc1 c4 22. Qd4 Nc6 23. Qb2 Nb4 24. Rd2 cxb3 25. axb3 Rxc1+ 26. Qxc1 Rc8 27. Qd1
h6 28. h4 a5 29. Qa1 Qc6 30. Qd4 Qc1+ 31. Kh2 Rc2 32. Rd1 Qa3 33. Qe3 Bc6 34.
Nc5 Qb2 35. Bf3 Qc3 36. Qe7 Qxc5 0-1

[Event "Mondiale Lampo FIDE 2022"]
[Site "Alma Ata"]
[Date "29.12.2022"]
[Round "3.44"]
[White "Bologan, Victor"]
[Black "Tari, Aryan"]
[Result "1-0"]
[WhiteTitle ""]
[BlackTitle ""]
[WhiteElo "2574"]
[BlackElo "2659"]
[WhiteFideId "13900048"]
[BlackFideId "1510045"]
[EventDate "29.12.2022"]

1. e4 e5 2. Nf3 Nc6 3. Bc4 Nf6 4. d3 Bc5 5. c3 d6 6. Nbd2 a5 7. Nf1 O-O 8. Ng3
h6 9. O-O Re8 10. h3 Ne7 11. d4 exd4 12. cxd4 Bb6 13. Bd3 Ng6 14. Be3 a4 15. Qc2
Bd7 16. Rad1 Qe7 17. Rfe1 Qf8 18. Bd2 Bc6 19. Bc3 Ba5 20. d5 Bxc3 21. Qxc3 Bd7
22. Qxc7 Nf4 23. Bf1 Rec8 24. Qb6 a3 25. Re3 Rc2 26. Rxa3 Rxa3 27. bxa3 Rxa2 28.
Qb3 1-0

[Event "Mondiale Lampo FIDE 2022"]
[Site "Alma Ata"]
[Date "29.12.2022"]
[Round "3.45"]
[White "Harikrishna, Pentala"]
[Black "Puranik, Abhimanyu"]
[Result "1/2-1/2"]
[WhiteTitle ""]
[BlackTitle ""]
[WhiteElo "2705"]
[BlackElo "2616"]
[WhiteFideId "5007003"]
[BlackFideId "5061245"]
[EventDate "29.12.2022"]

1. Nf3 Nf6 2. g3 g6 3. Bg2 Bg7 4. b3 O-O 5. O-O d6 6. d4 a5 7. a4 b6 8. Nc3 Bb7
9. Bb2 Nbd7 10. Re1 Ne4 11. Qd3 Nxc3 12. Bxc3 c5 13. e4 cxd4 14. Bxd4 Qc7 15.
Bxg7 Kxg7 16. Nd4 Rac8 17. Re3 Qc5 18. Rd1 Rfd8 19. h3 Nf6 20. c4 Qc7 21. Qe2
Nd7 22. h4 Nc5 23. h5 e5 24. Nb5 Qe7 25. Rd2 Bc6 26. Na3 Qg5 27. hxg6 hxg6 28.
Qd1 Qe7 29. Nb1 Rd7 30. Nc3 Rh8 31. Rb2 Rdd8 32. b4 axb4 33. Rxb4 Qc7 34. Qb1
Ne6 35. Rxb6 Nd4 36. a5 Ra8 37. a6 Rhb8 38. Rxb8 Rxb8 39. Qa2 Ra8 40. Bf1 Bd7
41. Nd5 Qc5 42. Qa3 Nc2 43. Qxc5 dxc5 44. Rc3 Nb4 45. Nxb4 cxb4 46. Rb3 Rxa6 47.
Rxb4 Ra1 48. Kg2 Bc6 49. f3 Ra2+ 50. Kg1 f5 51. Rb6 Ba8 52. Re6 fxe4 53. fxe4
Ra5 54. Bg2 Kf7 55. Rb6 Rc5 56. Rb4 Bc6 57. Kf2 Ra5 58. Rb6 Rc5 59. Rb4 Ra5 60.
Rb2 Ke7 61. Rc2 Kd6 62. c5+ Rxc5 63. Rxc5 Kxc5 64. Ke3 Kc4 65. Bf1+ Kc3 66. Be2 1/2-1/2

[Event "Mondiale Lampo FIDE 2022"]
[Site "Alma Ata"]
[Date "29.12.2022"]
[Round "3.46"]
[White "Alonso Rosell, Alvar"]
[Black "Indjic, Aleksandar"]
[Result "0-1"]
[WhiteTitle ""]
[BlackTitle ""]
[WhiteElo "2561"]
[BlackElo "2636"]
[WhiteFideId "2270544"]
[BlackFideId "911925"]
[EventDate "29.12.2022"]

1. d4 Nf6 2. c4 e6 3. Nf3 c5 4. d5 d6 5. Nc3 exd5 6. cxd5 g6 7. h3 Bg7 8. Bf4
O-O 9. e3 Ne8 10. e4 Nd7 11. Bd3 Ne5 12. Nxe5 dxe5 13. Be3 b6 14. O-O Nd6 15. a3
Bd7 16. b4 c4 17. Bc2 f5 18. f3 Qe8 19. a4 f4 20. Bf2 g5 21. b5 h5 22. a5 Rb8
23. axb6 axb6 24. Ra7 Rf6 25. Kh1 g4 26. Bh4 Rg6 27. Qe2 Bf6 28. Bxf6 Rxf6 29.
Qf2 g3 30. Qe2 Qc8 31. Rfa1 Rg6 32. Kg1 Qc5+ 33. Kf1 Bxh3 34. Na4 Qc8 35. Nc3 h4
36. Re7 Bxg2+ 37. Qxg2 h3 38. Qg1 g2+ 39. Ke2 Ra8 40. Raa7 Rxa7 41. Rxa7 Nf7 42.
Ra1 Rg3 43. Kd2 Ng5 44. Bd1 h2 45. Qxb6 g1=Q 46. Qg6+ Kh8 47. Qf6+ Kh7 48. Ra7+
Qxa7 49. d6 Rg2+ 50. Be2 Nxf3+ 51. Kc2 Nd4+ 52. Kb2 Rxe2+ 53. Nxe2 Qg7 54. Qh4+
Kg8 55. Nc3 f3 56. Nd5 c3+ 57. Ka3 Qc5+ 58. Ka2 Qg2+ 59. Ka1 Qb2# 0-1

[Event "Mondiale Lampo FIDE 2022"]
[Site "Alma Ata"]
[Date "29.12.2022"]
[Round "3.47"]
[White "Adhiban, Baskaran"]
[Black "Fedorov, Alexei"]
[Result "0-1"]
[WhiteTitle ""]
[BlackTitle ""]
[WhiteElo "2611"]
[BlackElo "2475"]
[WhiteFideId "5018471"]
[BlackFideId "13500465"]
[EventDate "29.12.2022"]

1. b3 e5 2. Bb2 d6 3. c4 g6 4. Nf3 Bg7 5. e3 f5 6. Nc3 c6 7. Be2 Nf6 8. d4 e4 9.
Ng5 h6 10. Nh3 g5 11. Bh5+ Ke7 12. d5 c5 13. Be2 Nbd7 14. f3 exf3 15. gxf3 Re8
16. Qd2 a6 17. a4 Kf8 18. f4 g4 19. Nf2 Qe7 20. Ncd1 Ne4 21. Nxe4 Qxe4 22. Bxg7+
Kxg7 23. Rg1 Nf6 24. Qb2 Kf7 25. Kd2 Bd7 26. Rg3 Qh1 27. Nc3 Qxh2 28. Rag1 Re7
29. Qc1 Rae8 30. Qe1 Qh5 31. Rh1 Qg6 0-1

[Event "Mondiale Lampo FIDE 2022"]
[Site "Alma Ata"]
[Date "29.12.2022"]
[Round "3.48"]
[White "Vakhidov, Jakhongir"]
[Black "Idani, Pouya"]
[Result "1/2-1/2"]
[WhiteTitle ""]
[BlackTitle ""]
[WhiteElo "2607"]
[BlackElo "2637"]
[WhiteFideId "14201801"]
[BlackFideId "12510130"]
[EventDate "29.12.2022"]

1. c4 e5 2. g3 d6 3. Nc3 Be7 4. d4 f5 5. Bh3 a5 6. b3 Nc6 7. d5 Nb8 8. e4 Bf6 9.
Bxf5 Bxf5 10. exf5 Ne7 11. g4 e4 12. Nge2 h5 13. g5 Be5 14. Bf4 Bxc3+ 15. Nxc3
Nxf5 16. Nxe4 Qe7 17. O-O O-O 18. Re1 Qf7 19. Kh1 Nh4 20. Bg3 Nf3 21. Nf6+ gxf6
22. g6 Qxg6 23. Qxf3 Nd7 24. Bxd6 Ne5 25. Bxe5 fxe5 26. Qe3 Kh7 27. Rg1 Qf5 28.
Rg5 Qf3+ 29. Qxf3 Rxf3 30. Rxh5+ Kg6 31. Rxe5 Rxf2 32. Rg1+ Kf6 33. Re6+ Kf7 34.
Rh6 Rc8 35. a4 Rb2 36. Rg3 Re8 37. Rh7+ Kf6 38. Rxc7 Rh8 39. h3 Re8 40. Rf3+ Kg6
41. Rg3+ Kf6 42. Rcg7 Re1+ 43. Rg1 Re3 44. R7g3 Rbxb3 45. Rxe3 Rxe3 46. Kg2 Rc3
47. Rd1 Ke7 48. d6+ Kd7 49. Rd4 b6 50. h4 1/2-1/2

[Event "Mondiale Lampo FIDE 2022"]
[Site "Alma Ata"]
[Date "29.12.2022"]
[Round "3.49"]
[White "Sargsyan, Shant"]
[Black "Nesterov, Arseniy"]
[Result "1-0"]
[WhiteTitle ""]
[BlackTitle ""]
[WhiteElo "2645"]
[BlackElo "2573"]
[WhiteFideId "13306766"]
[BlackFideId "24198455"]
[EventDate "29.12.2022"]

1. d4 d5 2. c4 c6 3. Nf3 Nf6 4. Nc3 dxc4 5. a4 Bf5 6. Ne5 e6 7. f3 Bb4 8. Nxc4
O-O 9. Kf2 Nbd7 10. e4 Bg6 11. Be3 Nb6 12. Ne5 Nbd7 13. Nd3 Be7 14. Be2 Rc8 15.
b4 a5 16. bxa5 Qxa5 17. Qd2 Qd8 18. Rhd1 c5 19. dxc5 Nxc5 20. Nxc5 Qxd2 21. Rxd2
Bxc5 22. Bxc5 Rxc5 23. Rd3 h5 24. h4 Rfc8 25. Nb5 Ra8 26. Nd6 b6 27. Rb3 Rc6 28.
Nc4 Nd7 29. Rd1 Ra7 30. Rb4 f6 31. e5 Kf8 32. exf6 gxf6 33. Ne3 Ke7 34. Bb5 Rcc7
35. Nc4 Rab7 36. Bxd7 Rxd7 37. Rxd7+ Rxd7 38. Nxb6 Rd2+ 39. Kg3 Ra2 40. Nc4 Bc2
41. Rb7+ Kd8 42. Rb2 Rxb2 43. Nxb2 Kc7 44. Kf4 e5+ 45. Ke3 Bf5 46. Nc4 Kc6 47.
Nd2 Be6 48. Ne4 f5 49. Ng5 Bb3 50. a5 Kb5 51. f4 e4 52. Nh3 Kxa5 53. Nf2 Kb5 54.
Kd4 Kb4 55. Nh1 Bd1 56. Ng3 Bg4 57. Nf1 Kb3 58. Ne3 Kb2 59. Nxg4 hxg4 60. Ke3 1-0

[Event "Mondiale Lampo FIDE 2022"]
[Site "Alma Ata"]
[Date "29.12.2022"]
[Round "3.50"]
[White "Yudin, Sergei"]
[Black "Svane, Frederik"]
[Result "1-0"]
[WhiteTitle ""]
[BlackTitle ""]
[WhiteElo "2469"]
[BlackElo "2568"]
[WhiteFideId "4159659"]
[BlackFideId "12923044"]
[EventDate "29.12.2022"]

1. e4 c5 2. Nf3 e6 3. c3 d5 4. exd5 Qxd5 5. d4 Nf6 6. Be2 Be7 7. O-O O-O 8. c4
Qd8 9. Nc3 cxd4 10. Nxd4 Bd7 11. Bf3 Qc8 12. Be3 Rd8 13. Qb3 Nc6 14. Nxc6 Bxc6
15. Be2 b6 16. Rfd1 Qb7 17. f3 h5 18. Bf2 Qc7 19. Nb5 Bxb5 20. Qxb5 Bc5 21. Bxc5
bxc5 22. Qb3 Qe5 23. Bf1 Rdb8 24. Qc3 Qxc3 25. bxc3 Rb6 26. h4 Rab8 27. Rd2 Rb2
28. Rd6 R2b6 29. Rad1 Kf8 30. R6d2 Ke7 31. Kf2 Ra6 32. Be2 Rb7 33. Rd8 Nd5 34.
cxd5 Kxd8 35. Bxa6 Rb2+ 36. Kg3 e5 37. Bc4 Rc2 38. Rd3 f5 39. d6 f4+ 40. Kh2 a5
41. d7 Rb2 42. Be6 Rb6 43. Bh3 1-0

[Event "Mondiale Lampo FIDE 2022"]
[Site "Alma Ata"]
[Date "29.12.2022"]
[Round "3.51"]
[White "Ghaem Maghami, Ehsan"]
[Black "Yoo, Christopher Woojin"]
[Result "0-1"]
[WhiteTitle ""]
[BlackTitle ""]
[WhiteElo "2490"]
[BlackElo "2575"]
[WhiteFideId "12500739"]
[BlackFideId "30909694"]
[EventDate "29.12.2022"]

1. c4 e5 2. g3 Nf6 3. Bg2 c6 4. d4 e4 5. Nc3 Bb4 6. Bd2 Qe7 7. c5 Bxc3 8. bxc3
b6 9. cxb6 axb6 10. Qb3 b5 11. c4 bxc4 12. Qxc4 O-O 13. Nh3 d5 14. Bb4 Qc7 15.
Qc3 Re8 16. O-O Ba6 17. Rfe1 Bc4 18. a4 Nbd7 19. f3 e3 20. Nf4 h5 21. Bh3 h4 22.
Kg2 g5 23. Nd3 hxg3 24. hxg3 Nh5 25. Ne5 Nxe5 26. dxe5 Rxe5 27. Bg4 Nxg3 28.
Kxg3 Re4+ 29. Kg2 Rxg4+ 30. fxg4 Qf4 31. Rf1 0-1

[Event "Mondiale Lampo FIDE 2022"]
[Site "Alma Ata"]
[Date "29.12.2022"]
[Round "3.52"]
[White "Christiansen, Johan-Sebastian"]
[Black "Riazantsev, Alexander"]
[Result "0-1"]
[WhiteTitle ""]
[BlackTitle ""]
[WhiteElo "2578"]
[BlackElo "2626"]
[WhiteFideId "1512668"]
[BlackFideId "4125029"]
[EventDate "29.12.2022"]

1. e4 c5 2. Nf3 e6 3. c3 d5 4. e5 d4 5. d3 Bd7 6. g3 Bc6 7. Bg2 Ne7 8. O-O Nf5
9. Re1 Be7 10. Na3 O-O 11. Nc2 h6 12. Qe2 a5 13. a4 Qd7 14. cxd4 cxd4 15. b3 Na6
16. Rb1 Rac8 17. Bb2 Nb4 18. Na3 Nd5 19. Nc4 Bc5 20. Rbc1 Qd8 21. Nd6 Bxd6 22.
exd6 Qxd6 23. Ne5 Nb4 24. Nc4 Qd8 25. Be4 Nd6 26. Bf3 Nxc4 27. Rxc4 Bxf3 28.
Qxf3 Rxc4 29. bxc4 Qd7 30. Re4 Qxa4 31. Bxd4 e5 32. Bxe5 Qc6 33. Bxg7 Kxg7 34.
Rg4+ Kh8 35. Qf4 Qe6 36. Rh4 Kg7 37. Rg4+ Kh7 38. Qd4 f6 39. Re4 Qf7 40. Qd6 Re8
41. Rf4 Re6 42. Qd8 Nc6 43. Qa8 Re8 44. Rxf6 Rxa8 45. Rxf7+ Kg8 46. Rxb7 a4 47.
Rb1 a3 48. Ra1 a2 0-1

[Event "Mondiale Lampo FIDE 2022"]
[Site "Alma Ata"]
[Date "29.12.2022"]
[Round "3.53"]
[White "Tsydypov, Zhamsaran"]
[Black "Petkov, Momchil"]
[Result "1/2-1/2"]
[WhiteTitle ""]
[BlackTitle ""]
[WhiteElo "2534"]
[BlackElo "2531"]
[WhiteFideId "4108566"]
[BlackFideId "2921642"]
[EventDate "29.12.2022"]

1. Nf3 d5 2. g3 Nf6 3. Bg2 e6 4. O-O Be7 5. c4 O-O 6. d4 a5 7. Nbd2 a4 8. Qc2
Nc6 9. a3 Bd7 10. e3 h6 11. Rd1 Qc8 12. Ne1 Na5 13. Nd3 dxc4 14. Nxc4 Nb3 15.
Rb1 Bb5 16. Nde5 Ra6 17. Nd2 c5 18. dxc5 Qxc5 19. Qxc5 Nxc5 20. Ndf3 Nb3 21. Bd2
Be2 22. Re1 Bxf3 23. Nxf3 Ne4 24. Red1 Nexd2 25. Nxd2 Nxd2 26. Rxd2 Rb6 27. Rc1
Bf6 28. Rcc2 g6 29. Kf1 Kg7 30. Ke2 Rd8 31. Rxd8 Bxd8 32. Kd1 Bf6 33. Kc1 h5 34.
h4 Rb5 35. Bf3 Rb6 36. Kb1 Be5 37. Be4 Rb3 38. Rd2 Rb6 39. Bf3 Kf6 40. Be2 Rd6
41. Rxd6 Bxd6 42. Bb5 g5 43. hxg5+ Kxg5 44. Bxa4 h4 45. gxh4+ Kxh4 46. Bd1 Bh2
47. Kc2 Bg1 48. Kd3 Bxf2 49. Bf3 b6 50. b4 Kg5 51. a4 Be1 52. Kc4 Kf6 53. Kb5
Ke7 54. a5 bxa5 55. bxa5 Bf2 56. e4 Kd6 57. Bh5 f5 58. exf5 Ke5 1/2-1/2

[Event "Mondiale Lampo FIDE 2022"]
[Site "Alma Ata"]
[Date "29.12.2022"]
[Round "3.54"]
[White "Cheng, Bobby"]
[Black "Lintchevski, Daniil"]
[Result "0-1"]
[WhiteTitle ""]
[BlackTitle ""]
[WhiteElo "2583"]
[BlackElo "2548"]
[WhiteFideId "4300033"]
[BlackFideId "4171055"]
[EventDate "29.12.2022"]

1. d4 d5 2. c4 dxc4 3. Nf3 Nf6 4. e3 e6 5. Bxc4 c5 6. O-O a6 7. Be2 cxd4 8. Qxd4
Nc6 9. Qxd8+ Nxd8 10. b3 b6 11. Nbd2 Bb7 12. Bb2 Nc6 13. Rfd1 Be7 14. Nc4 b5 15.
Nd6+ Bxd6 16. Rxd6 Rd8 17. Rxd8+ Kxd8 18. Nd4 Nxd4 19. Bxd4 Nd7 20. Rd1 Ke7 21.
f3 f6 22. Bc3 Rc8 23. Bb4+ Ke8 24. Rd2 Ne5 25. e4 Nc6 26. Bc5 Ne5 27. Ba3 Nc6
28. Kf2 e5 29. Bc5 Rd8 30. Rxd8+ Nxd8 31. Ke3 Ne6 32. Bb4 Bc6 33. g3 g5 34. Bf1
Nd4 35. Bc5 Ne6 36. Bb6 Ke7 37. Bh3 h6 38. Bf5 Kd6 39. Ba5 Ke7 40. Bb4+ Kf7 41.
Bd6 Nd4 42. Bc8 a5 43. Bh3 Nc2+ 44. Kd2 Nd4 45. Ke3 Nc2+ 46. Kd2 Nd4 47. Bg2 h5
48. Bc5 Ne6 49. Bb6 a4 50. Kc3 g4 51. Be3 axb3 52. axb3 Ke7 53. Kb4 Kd6 54. h3
Nd4 55. Bxd4 exd4 56. fxg4 hxg4 57. hxg4 Ke5 58. Bf1 Bd7 59. Bd3 Bc6 60. Kc5
Bxe4 61. Bxb5 d3 62. b4 d2 63. Be2 Bc2 64. b5 d1=Q 65. Bxd1 Bxd1 66. Kc6 Bxg4
67. b6 Bf3+ 68. Kc7 Kf5 69. Kd6 Ba8 70. Ke7 Kg5 71. Ke6 Bb7 72. Ke7 f5 73. Ke6
Kg4 74. Ke5 Bc8 75. Kf6 Ba6 76. Ke5 Kg5 77. Ke6 Bb7 78. Ke5 Bc8 79. Kd5 Kf6 80.
Kd6 Bb7 81. Kd7 Bf3 82. Kd6 Be4 83. Kd7 Ke5 84. Ke7 Bd5 85. Kd7 Bg2 86. Ke7 Bh1
87. Kd7 Bb7 88. Ke7 Kd5 89. Kf6 Ke4 90. Kg5 Ke5 91. Kg6 Bc8 92. Kf7 Kd6 93. Ke8
Kc6 94. Kd8 Kb7 95. Ke7 Kxb6 0-1

[Event "Mondiale Lampo FIDE 2022"]
[Site "Alma Ata"]
[Date "29.12.2022"]
[Round "3.55"]
[White "Quparadze, Giga"]
[Black "Utegaliyev, Azamat"]
[Result "1-0"]
[WhiteTitle ""]
[WhiteElo "2470"]
[BlackElo "2445"]
[WhiteFideId "13602250"]
[BlackFideId "13702467"]
[EventDate "29.12.2022"]

1. e4 d5 2. exd5 Qxd5 3. Nc3 Qd6 4. d4 c6 5. Nf3 Nf6 6. Ne5 Be6 7. Bf4 Qd8 8.
Be2 Nbd7 9. O-O g6 10. Nf3 Nb6 11. Ng5 Bf5 12. a4 Bg7 13. a5 Nbd5 14. Nxd5 Nxd5
15. Bg3 O-O 16. Nf3 Nf6 17. Bd3 Bg4 18. a6 b5 19. h3 Bxf3 20. Qxf3 Nd5 21. c3 e6
22. Rfe1 Rc8 23. Be4 Qd7 24. h4 h5 25. Be5 Bxe5 26. dxe5 Qe7 27. g3 Rfd8 28.
Rad1 Rd7 29. Kg2 Rcd8 30. Rd4 c5 31. Rdd1 Kg7 32. Kh2 Nb6 33. Rxd7 Rxd7 34. Bc6
Rd2 35. Bxb5 Rxb2 36. c4 Qd8 37. Kg2 Qd4 38. Qf6+ Kf8 39. Qh8+ 1-0

[Event "Mondiale Lampo FIDE 2022"]
[Site "Alma Ata"]
[Date "29.12.2022"]
[Round "3.56"]
[White "Urazayev, Arystanbek"]
[Black "Ghasi, Ameet K"]
[Result "1-0"]
[WhiteTitle ""]
[BlackTitle ""]
[WhiteElo "2465"]
[BlackElo "2471"]
[WhiteFideId "13709810"]
[BlackFideId "409200"]
[EventDate "29.12.2022"]

1. e4 c6 2. Nf3 d5 3. exd5 cxd5 4. d4 Nc6 5. c3 Bf5 6. Qb3 Qd7 7. Nh4 Bg6 8. Bf4
Nf6 9. Nd2 e6 10. Nxg6 hxg6 11. Bd3 Nh5 12. Bg5 Bd6 13. Nf3 Nf4 14. Bxf4 Bxf4
15. g3 Bd6 16. O-O a6 17. Rfe1 Ne7 18. h4 Rc8 19. Ng5 Rc6 20. Qd1 Bb8 21. Qf3 f6
22. Nh3 e5 23. Bf1 e4 24. Qg2 f5 25. Rac1 b5 26. a4 bxa4 27. c4 O-O 28. cxd5
Rxc1 29. Rxc1 Rc8 30. Rc4 Nxd5 31. Ng5 Bd6 32. Qh3 Rxc4 33. Bxc4 Be7 34. Nxe4
Qc6 35. Nd2 Bb4 36. Qg2 Kf8 37. Bxd5 Qc1+ 38. Nf1 Qxb2 39. Bc4 Qxd4 40. Qa8+ Ke7
41. Qb7+ Kf6 42. Qf7+ 1-0

[Event "Mondiale Lampo FIDE 2022"]
[Site "Alma Ata"]
[Date "29.12.2022"]
[Round "3.57"]
[White "Aravindh, Chithambaram VR."]
[Black "Kazakov, Konstantin"]
[Result "0-1"]
[WhiteTitle ""]
[BlackTitle ""]
[WhiteElo "2607"]
[BlackElo "2385"]
[WhiteFideId "5072786"]
[BlackFideId "13700898"]
[EventDate "29.12.2022"]

1. d4 Nf6 2. Nf3 b6 3. g3 Bb7 4. Bg2 e6 5. O-O Be7 6. c4 O-O 7. Re1 Qc8 8. Nc3
Ne4 9. Bd2 d6 10. Qc2 Nxd2 11. Qxd2 Nd7 12. Rac1 a5 13. b3 Re8 14. e4 e5 15. Nd5
Bf8 16. Bh3 exd4 17. Nxd4 Qd8 18. f4 Nc5 19. Bg2 g6 20. Rcd1 Bg7 21. Qf2 Qd7 22.
h4 Qd8 23. Kh2 c6 24. Nc3 Qc7 25. Re3 Rad8 26. Nde2 Qe7 27. Na4 Nxa4 28. bxa4
Ba6 29. Rc1 d5 30. cxd5 cxd5 31. e5 d4 32. Rb3 d3 33. Nd4 Rc8 34. Rxc8 Rxc8 35.
Rxb6 Bc4 36. Rd6 Bf8 37. Nc6 Qc7 38. Rd4 Ba6 39. Qd2 Bc5 40. Rxd3 Bxd3 41. Qxd3
Qb6 42. Qd7 Rf8 43. e6 fxe6 44. Qxe6+ Kg7 45. Qe5+ Kh6 46. Qg5+ Kg7 47. Qe5+ Kh6
48. Bf3 Bg1+ 49. Kh3 Qf2 50. Qg5+ Kg7 51. Qe7+ Rf7 52. Qe5+ Rf6 53. Bg2 Qe3 54.
Qc7+ Rf7 55. Qd6 Bf2 56. Qe5+ Qxe5 57. fxe5 Rd7 58. e6 Rd3 59. e7 Kf7 60. Be4
Rxg3+ 61. Kh2 Re3 62. Bd5+ Ke8 63. Bc4 Bxh4 64. Bb5 Bxe7 65. Nxa5+ Kf7 66. Nc4
Re2+ 67. Kg3 Rxa2 68. a5 Kf6 69. a6 Bc5 70. Kf3 h5 71. Ke4 g5 72. Kd5 Ba7 73.
Nd6 g4 74. Bc4 Ra1 75. Ne4+ Kg6 76. Bd3 Kh6 77. Nd6 h4 78. Nf7+ Kg7 79. Nd6 h3
80. Be4 h2 81. Nf5+ Kf6 82. Ng3 Kg5 83. Bg2 Rxa6 84. Ke4 Ra2 85. Bh1 Bb8 86. Nf1
Ra1 87. Kd4 0-1